History Quiz

Random History or Clickable Quiz

1000 years of Hungary Quiz Stats

 Plays Quiz not verified by Sporcle

Score 0/10 Timer 02:30
0 Plays Today
% Correct
Christianity
97.1%
Turks
90.6%
Soviet
90%
Byzantine Empire
88.6%
Habsburgs
86.5%
Compromise
84%
Golden Horde
82.9%
Interregnum
76.7%
Transylvania
62.6%
Buda
57%

You're not logged in!

Compare scores with friends on all Sporcle quizzes.
OR
Log In

Show Comments

Extras

Top Quizzes Today


Score Distribution

Your Account Isn't Verified!

In order to create a playlist on Sporcle, you need to verify the email address you used during registration. Go to your Sporcle Settings to finish the process.

Report this User

Report this user for behavior that violates our Community Guidelines.

Details: